Водные богатства недр земли на службу социалистическому строительству (Запись № 5973650)
[ простой вид ]
| 000 -МАРКЕР | |
|---|---|
| контрольное поле | 01914nam1a22003011i 4500 |
| 001 - ИДЕНТИФИКАТОР ЗАПИСИ | |
| контрольное поле | rc\2874688 |
| 005 - ИДЕНТИФИКАТОР ВЕРСИИ | |
| контрольное поле | 20260408055318.0 |
| 035 ## - ДРУГИЕ СИСТЕМНЫЕ НОМЕРА | |
| Идентификатор записи | (NLR Aleph) 007027855 |
| 100 ## - ДАННЫЕ ОБЩЕЙ ОБРАБОТКИ | |
| Данные общей обработки | 20110720g19321934k||y0rusy50 ca |
| 101 0# - ЯЗЫК РЕСУРСА | |
| Язык текста, звукозаписи и т.д. | русский |
| 102 ## - СТРАНА ПУБЛИКАЦИИ ИЛИ ПРОИЗВОДСТВА | |
| Страна публикации | российская федерация |
| 105 ## - ПОЛЕ КОДИРОВАННЫХ ДАННЫХ: ТЕКСТОВЫЕ МАТЕРИАЛЫ, МОНОГРАФИЧЕСКИЕ | |
| Кодированные данные о монографическом текстовом документе | | z 1|||| |
| 200 1# - ЗАГЛАВИЕ И СВЕДЕНИЯ ОБ ОТВЕТСТВЕННОСТИ | |
| Основное заглавие | Водные богатства недр земли на службу социалистическому строительству |
| Сведения, относящиеся к заглавию | 1-й Всесоюзный гидрогеологический съезд. Ленинград, 25-31 декабря 1931 г. |
| Первые сведения об ответственности | НКТП СССР. Всесоюз. геол.-разведочное объединение |
| 210 ## - ПУБЛИКАЦИЯ, РАСПРОСТРАНЕНИЕ И ДР. | |
| Место издания, распространения и т.д. | Ленинград |
| -- | Москва |
| Имя издателя, распространителя и т. д. | Государственное научно-техническое геолого-разведочное издательство |
| Дата издания, распространения и т.д. | 1932-1934 |
| Место изготовления | в Ленинграде |
| Имя изготовителя | типография им. Евг. Соколовой |
| 215 ## - ФИЗИЧЕСКАЯ ХАРАКТЕРИСТИКА | |
| Специфическое обозначение материала и объем | 8 т. |
| Размеры | 26х18 |
| 517 1# - ДРУГИЕ ВАРИАНТЫ ЗАГЛАВИЯ | |
| Вариант заглавия | 1-й Всесоюзный гидрогеологический съезд. Ленинград, 25-31 декабря 1931 г. |
| Язык заглавия | русский |
| 532 11 - РАСШИРЕННОЕ ЗАГЛАВИЕ | |
| Заглавие | Первый Всесоюзный гидрогеологический съезд. Ленинград, 25-31 декабря 1931 г. |
| Язык заглавия | русский |
| 606 ## - НАИМЕНОВАНИЕ ТЕМЫ КАК ПРЕДМЕТ | |
| Наименование темы | Гидрогеология |
| Формальный подзаголовок | Сборники |
| Системный номер авторитетной/нормативной записи | 918718 |
| Идентификатор авторитетной/нормативной записи | RU\NLR\AUTH\6617385 |
| 606 1# - НАИМЕНОВАНИЕ ТЕМЫ КАК ПРЕДМЕТ | |
| Наименование темы | Подземные воды |
| Формальный подзаголовок | Сборники |
| Географический подзаголовок | СССР |
| Системный номер авторитетной/нормативной записи | 1906225 |
| Идентификатор авторитетной/нормативной записи | RU\NLR\AUTH\66868311 |
| 686 0# - ИНДЕКСЫ ДРУГИХ КЛАССИФИКАЦИЙ | |
| Индекс | Д460.09(2)я43 |
| Код системы | |
| 710 12 - НАИМЕНОВАНИЕ ОРГАНИЗАЦИИ - ПЕРВИЧНАЯ ОТВЕТСТВЕННОСТЬ | |
| Начальный элемент ввода | Всесоюзный гидрогеологический съезд |
| Порядковый номер временной организации и / или порядковый номер ее части | 1 |
| Дата проведения временной организации | 1931 |
| Место проведения временной организации | Ленинград |
| Идентификатор авторитетной/нормативной записи | RU\NLR\AUTH\8810202561 |
| Системный номер авторитетной/нормативной записи | 293166 |
| 712 02 - НАИМЕНОВАНИЕ ОРГАНИЗАЦИИ - ВТОРИЧНАЯ ОТВЕТСТВЕННОСТЬ | |
| Код отношения | Издатель |
| Начальный элемент ввода | Всесоюзное геолого-разведочное объединение |
| Идентификатор авторитетной/нормативной записи | RU\NLR\AUTH\889917179 |
| Системный номер авторитетной/нормативной записи | 330527 |
| 801 #0 - ИСТОЧНИК ЗАПИСИ | |
| Страна | российская федерация |
| Организация | NLR |
| Правила каталогизации | psbo |
| 801 #1 - ИСТОЧНИК ЗАПИСИ | |
| Страна | российская федерация |
| Организация | ELAR |
| Источник данных | rusmarc |
| 801 #2 - ИСТОЧНИК ЗАПИСИ | |
| Страна | российская федерация |
| Организация | NLR |
| Дата составления | 20170720 |
| Источник данных | rusmarc |
| 852 ## - МЕСТОНАХОЖДЕНИЕ И ШИФР ХРАНЕНИЯ | |
| Идентификатор организации | NLR |
| Шифр хранения (Call Number) | 32-19/358 (1-8) |
| 942 ## - ДОПОЛНИТЕЛЬНЫЕ ЭЛЕМЕНТЫ ЗАПИСИ (АБИС) | |
| Тип экземпляра АБИС | Книга |
Нет доступных экземпляров.